[Event "GRE-chT 42nd"]
[Site "Porto Rio"]
[Date "2014.06.28"]
[Round "1.10"]
[White "Maxilaris, Aggelos"]
[Black "Tzemanakis, Nikolaos"]
[Result "0-1"]
[WhiteElo "1457"]
[BlackElo "1342"]
[PlyCount "100"]
[EventDate "2014.06.28"]
[EventType "team-swiss"]
[EventRounds "7"]
[EventCountry "GRE"]
[SourceTitle "CBM 161 Extra"]
[Source "ChessBase"]
[SourceDate "2014.08.29"]
[SourceVersion "1"]
[SourceVersionDate "2014.08.29"]
[SourceQuality "1"]
[WhiteTeam "Elefsinas STM"]
[BlackTeam "Chania Kydon"]
[WhiteTeamCountry "GRE"]
[BlackTeamCountry "GRE"]

1. Nf3 Nf6 2. g3 e6 3. Bg2 Be7 4. d3 d5 5. 0-0 0-0 6. Nbd2 b6 7. c4 Bb7 8. cxd5 exd5 9. Qc2 c5 10. Re1 Nbd7 11. e4 Qc7 12. b3 dxe4 13. dxe4 Ne5 14. Nxe5 Qxe5 15. Bb2 Qc7 16. Rad1 Rad8 17. Nc4 Nd7 18. e5 Bxg2 19. Kxg2 Rfe8 20. Qf5 Qc6+ 21. Kg1 Bf8 22. h4 b5 23. Nd6 Nxe5 24. Bxe5 Bxd6 25. Bxd6 Rxe1+ 26. Rxe1 Qxd6 27. Rc1 Qc6 28. Kh2 c4 29. Qf4 c3 30. Rc2 h6 31. Qc1 b4 32. Re2 Rc8 33. Qc2 Qg6 34. Qxg6 fxg6 35. Re1 Kf7 36. Kg2 Rd8 37. Rc1 Rd2 38. a3 a5 39. axb4 axb4 40. Rb1 Rb2 41. Rc1 Rxb3 42. Kf1 Rb2 43. Ke1 Ke6 44. f4 Kd5 45. g4 Rh2 46. Kd1 Kc4 47. Rc2 Rxc2 48. Kxc2 b3+ 49. Kb1 c2+ 50. Kc1 Kc3 0-1

[Event "Fyli op 5th"]
[Site "Fyli"]
[Date "2012.10.27"]
[Round "7"]
[White "Maxilaris, Aggelos"]
[Black "Theodosopoulos, Konstantinos"]
[Result "1-0"]
[WhiteElo "1467"]
[BlackElo "1005"]
[PlyCount "81"]
[EventDate "2012.09.15"]
[EventType "swiss"]
[EventRounds "7"]
[EventCountry "GRE"]
[SourceTitle "EXT 2014"]
[Source "ChessBase"]
[SourceDate "2013.11.20"]
[SourceVersion "1"]
[SourceVersionDate "2013.11.20"]
[SourceQuality "1"]

1. d4 d5 2. Nf3 Nf6 3. c4 e6 4. Nc3 Bb4 5. Bg5 Bxc3+ 6. bxc3 h6 7. Bh4 b6 8. e3 Bb7 9. Bd3 Nc6 10. 0-0 g5 11. Bg3 Qe7 12. a4 a5 13. Qb3 0-0-0 14. Rfb1 Ba6 15. Ne5 Nxe5 16. Bxe5 Rhg8 17. Bxf6 Qxf6 18. e4 dxe4 19. Bxe4 h5 20. c5 bxc5 21. Qb8+ Kd7 22. Qa7 Bc4 23. Qxc5 Be2 24. Bc6+ Kc8 25. Bb7+ Kd7 26. Qc6+ Ke7 27. Qxc7+ Kf8 28. Qc5+ Kg7 29. Re1 Bd3 30. Re3 Rb8 31. Rxd3 Rxb7 32. h3 Rgb8 33. Rf3 Qd8 34. Qe5+ Kh7 35. Qe4+ Kh6 36. Rd1 Qd7 37. Qe5 Qxa4 38. Rf6+ Kh7 39. Qxg5 Qxd1+ 40. Kh2 Rb1 41. Rh6# 1-0

[Event "Fyli op 5th"]
[Site "Fyli"]
[Date "2012.10.13"]
[Round "5"]
[White "Maxilaris, Aggelos"]
[Black "Dionisopoulos, Zaharias"]
[Result "0-1"]
[WhiteElo "1467"]
[BlackElo "1931"]
[PlyCount "88"]
[EventDate "2012.09.15"]
[EventType "swiss"]
[EventRounds "7"]
[EventCountry "GRE"]
[SourceTitle "EXT 2014"]
[Source "ChessBase"]
[SourceDate "2013.11.20"]
[SourceVersion "1"]
[SourceVersionDate "2013.11.20"]
[SourceQuality "1"]

1. d4 Nf6 2. Nf3 g6 3. c4 c5 4. Nc3 Bg7 5. g3 0-0 6. Bg2 Nc6 7. e3 d6 8. 0-0 Bg4 9. h3 Bxf3 10. Bxf3 Nd7 11. b3 cxd4 12. exd4 Bxd4 13. Bb2 Bg7 14. Re1 Nde5 15. Bg2 Rb8 16. f4 Nxc4 17. bxc4 Qb6+ 18. Kh1 Qxb2 19. Nd5 Qxa1 20. Nxe7+ Nxe7 21. Qxa1 Bxa1 22. Rxe7 Bf6 23. Rxb7 Rxb7 24. Bxb7 Rb8 25. Be4 Rb2 26. a4 a5 27. Bc6 Bd4 28. h4 Bc3 29. Kg1 Be1 30. Kf1 Bxg3 31. h5 Bxf4 32. hxg6 fxg6 33. Bd5+ Kg7 34. Bc6 h5 35. Ke1 h4 36. Kf1 g5 37. Ke1 g4 38. Kf1 g3 39. Kg1 h3 40. Kf1 g2+ 41. Bxg2 hxg2+ 42. Kg1 Be3+ 43. Kh2 g1Q+ 44. Kh3 Rh2# 0-1

[Event "Fyli op 5th"]
[Site "Fyli"]
[Date "2012.10.06"]
[Round "4"]
[White "Maxilaris, Aggelos"]
[Black "Kapellas, Nikiforos Dimitrios"]
[Result "1-0"]
[WhiteElo "1467"]
[BlackElo "1400"]
[PlyCount "61"]
[EventDate "2012.09.15"]
[EventType "swiss"]
[EventRounds "7"]
[EventCountry "GRE"]
[SourceTitle "EXT 2014"]
[Source "ChessBase"]
[SourceDate "2013.11.20"]
[SourceVersion "1"]
[SourceVersionDate "2013.11.20"]
[SourceQuality "1"]

1. d4 d5 2. Nf3 f5 3. c4 e6 4. Nc3 Nf6 5. Bg5 c6 6. e3 Bd6 7. g3 Nbd7 8. c5 Bc7 9. b4 0-0 10. Bg2 Qe8 11. 0-0 Ne4 12. Nxe4 fxe4 13. Nd2 Qg6 14. Bf4 Bxf4 15. exf4 Nf6 16. Qe2 Nh5 17. f3 Qf6 18. Qe3 exf3 19. Nxf3 Qg6 20. Rae1 h6 21. Ne5 Qe8 22. a4 Nf6 23. a5 Nd7 24. Bh3 Nxe5 25. Qxe5 Rf6 26. f5 Qf7 27. fxe6 Bxe6 28. Bxe6 Rxe6 29. Qxe6 Qxe6 30. Rxe6 Rb8 31. Re7 1-0

[Event "Fyli op 5th"]
[Site "Fyli"]
[Date "2012.09.29"]
[Round "3"]
[White "Tsoukarakis, Dimitrios"]
[Black "Maxilaris, Aggelos"]
[Result "0-1"]
[WhiteElo "1015"]
[BlackElo "1467"]
[PlyCount "66"]
[EventDate "2012.09.15"]
[EventType "swiss"]
[EventRounds "7"]
[EventCountry "GRE"]
[SourceTitle "EXT 2014"]
[Source "ChessBase"]
[SourceDate "2013.11.20"]
[SourceVersion "1"]
[SourceVersionDate "2013.11.20"]
[SourceQuality "1"]

1. e4 e5 2. Nf3 Nc6 3. Nc3 Nf6 4. Bc4 Nxe4 5. Nxe4 d5 6. Bxd5 Qxd5 7. Nc3 Qd8 8. Ng5 Qxg5 9. 0-0 Bd6 10. d4 Qe7 11. Nd5 Qd8 12. dxe5 Bxe5 13. f4 Bd4+ 14. Ne3 Bxe3+ 15. Bxe3 Be6 16. Qxd8+ Rxd8 17. f5 Bd5 18. Bg5 f6 19. Rfe1+ Kd7 20. Be3 Rhe8 21. b3 Kc8 22. c4 Be4 23. Bxa7 Nxa7 24. a4 Rd2 25. Rad1 Rxg2+ 26. Kh1 Rg4+ 27. Rxe4 Rexe4 28. h3 Rg3 29. Kh2 Ree3 30. Rd5 Rxh3+ 31. Kg2 Rhg3+ 32. Kf2 Rgf3+ 33. Kg2 h5 0-1

[Event "Fyli op 5th"]
[Site "Fyli"]
[Date "2012.09.15"]
[Round "1"]
[White "Abelakiotis, Stavros"]
[Black "Maxilaris, Aggelos"]
[Result "0-1"]
[WhiteElo "1333"]
[BlackElo "1467"]
[PlyCount "134"]
[EventDate "2012.09.15"]
[EventType "swiss"]
[EventRounds "7"]
[EventCountry "GRE"]
[SourceTitle "EXT 2014"]
[Source "ChessBase"]
[SourceDate "2013.11.20"]
[SourceVersion "1"]
[SourceVersionDate "2013.11.20"]
[SourceQuality "1"]

1. e4 e5 2. Nf3 Nc6 3. Bc4 Nf6 4. Ng5 d5 5. exd5 Na5 6. Bb5+ c6 7. dxc6 bxc6 8. Ba4 Bc5 9. 0-0 h6 10. Nf3 0-0 11. Nxe5 Qd4 12. c3 Qxe5 13. d4 Bxd4 14. cxd4 Qd6 15. Nc3 Be6 16. h3 Nd5 17. Nxd5 Bxd5 18. Bd2 Nc4 19. Qc2 Rab8 20. b3 Nxd2 21. Qxd2 f5 22. Rac1 f4 23. f3 Rf6 24. Qc2 Re8 25. Rfe1 Ree6 26. Rxe6 Qxe6 27. Qd3 Rg6 28. Kf1 Qf6 29. Rc2 Qg5 30. Qe2 Re6 31. Qf2 Qg6 32. Re2 Qb1+ 33. Qe1 Qd3 34. Qd2 Qb1+ 35. Kf2 Qg6 36. Rxe6 Qxe6 37. Qxf4 Qg6 38. Qd2 Qf5 39. Qc3 Qg6 40. Qc5 a5 41. Qxa5 Qc2+ 42. Ke3 Qxa2 43. Qd8+ Kh7 44. g4 Qg2 45. Qf8 Qg1+ 46. Kd3 Qd1+ 47. Kc3 Qc1+ 48. Kb4 Qd2+ 49. Kc5 Qa5+ 50. Kd6 Qb4+ 51. Kd7 Qxf8 52. Bxc6 Qf7+ 53. Kd6 Qe6+ 54. Kc5 Qxc6+ 55. Kb4 Qb6+ 56. Kc3 Qxb3+ 57. Kd2 Bxf3 58. d5 Bxd5 59. Ke2 Be4 60. g5 Qd3+ 61. Ke1 Bf3 62. g6+ Kxg6 63. Kf2 Qe2+ 64. Kg3 Kg5 65. h4+ Kf5 66. h5 Qg2+ 67. Kh4 Qg4# 0-1